000 00335nam a2200121Ia 4500
005 20260213061945.0
008 260210s9999||||xx |||||||||||||| ||und||
050 _aQC20.85.Ab331 2018
100 _aAbdullayev, Sərhəddin
245 0 _aFizika.Əsas fiziki kəmiyyətlər,qanunlar,düsturlar,qrafiklər.
264 _c 2018
650 _aFizika
999 _c57
_d57